[Event "Titled Tuesday intern op 15th Aug Early"]
[Site "Chess.com INT"]
[Date "2023.08.15"]
[Round "11"]
[White "Ivanov, Alexey2222"]
[Black "Styazhkina, Anna"]
[Result "1-0"]
[WhiteElo "2415"]
[BlackElo "2194"]
[PlyCount "71"]
[EventDate "2023.08.15"]
[EventType "swiss (blitz)"]
[EventRounds "11"]
[EventCountry "USA"]
[SourceTitle "EXT 2024"]
[Source "ChessBase"]
[SourceDate "2023.10.10"]
[SourceVersion "1"]
[SourceVersionDate "2023.10.10"]
[SourceQuality "1"]

1. Nf3 d5 2. c4 c6 3. e3 e6 4. Qc2 Nf6 5. b3 Be7 6. Bb2 0-0 7. h3 Ne4 8. d3 Ng5 9. Nbd2 Nxf3+ 10. Nxf3 c5 11. cxd5 exd5 12. Be2 Nc6 13. a3 Bf5 14. 0-0 Rc8 15. Rac1 b6 16. Rfd1 Bf6 17. Qb1 Bxb2 18. Qxb2 Qe7 19. d4 Be4 20. dxc5 bxc5 21. Nd2 f5 22. Nxe4 dxe4 23. Rd5 Nd8 24. Qe5 Qb7 25. Rdxc5 Rxc5 26. Qxc5 h6 27. Bc4+ Nf7 28. b4 Qd7 29. Qd5 Qe7 30. Qe6 Qg5 31. g3 Kh8 32. Be2 Nd8 33. Qd5 Qf6 34. Rc8 Kh7 35. Kg2 Ne6 36. Rc6 1-0

[Event "Titled Tuesday intern op 15th Aug Early"]
[Site "Chess.com INT"]
[Date "2023.08.15"]
[Round "2"]
[White "Pulpan, Jakub"]
[Black "Styazhkina, Anna"]
[Result "0-1"]
[WhiteElo "2417"]
[BlackElo "2194"]
[PlyCount "71"]
[EventDate "2023.08.15"]
[EventType "swiss (blitz)"]
[EventRounds "11"]
[EventCountry "USA"]
[SourceTitle "EXT 2024"]
[Source "ChessBase"]
[SourceDate "2023.10.10"]
[SourceVersion "1"]
[SourceVersionDate "2023.10.10"]
[SourceQuality "1"]

1. Nf3 d5 2. d3 c6 3. h3 Nf6 4. Nc3 Bf5 5. Nh4 Bc8 6. g4 e5 7. Bg2 Bd6 8. Nf5 Bxf5 9. gxf5 h6 10. e3 Qe7 11. Qf3 Nbd7 12. Bd2 0-0-0 13. 0-0-0 Bb4 14. a3 Bxc3 15. Bxc3 e4 16. dxe4 Nxe4 17. Bxg7 Rhg8 18. Bxh6 Ne5 19. f6 Qe6 20. Qh5 Rxg2 21. Rhf1 Rxf2 22. Rxf2 Nxf2 23. Rf1 Ne4 24. Bg7 Nc4 25. Re1 Qd6 26. Qg4+ Kb8 27. h4 Nxf6 28. Qf4 Qxf4 29. exf4 Nh5 30. Bh6 Rh8 31. Bg5 f6 32. b3 fxg5 33. hxg5 Nd6 34. Re5 Nxf4 35. Re1 Rg8 36. Rf1 0-1

[Event "Titled Tuesday intern op 15th Aug Late"]
[Site "Chess.com INT"]
[Date "2023.08.15"]
[Round "6"]
[White "Styazhkina, Anna"]
[Black "De Souza, Cristiano Gomes"]
[Result "1-0"]
[WhiteElo "2194"]
[BlackElo "2018"]
[PlyCount "69"]
[EventDate "2023.08.15"]
[EventType "swiss (blitz)"]
[EventRounds "11"]
[EventCountry "USA"]
[SourceTitle "EXT 2024"]
[Source "ChessBase"]
[SourceDate "2023.10.10"]
[SourceVersion "1"]
[SourceVersionDate "2023.10.10"]
[SourceQuality "1"]

1. e4 c5 2. Nc3 d6 3. g3 g6 4. Bg2 Bg7 5. d3 Nc6 6. f4 Nf6 7. Nf3 0-0 8. 0-0 Bg4 9. h3 Bxf3 10. Qxf3 Nd4 11. Qf2 Nd7 12. f5 Rb8 13. g4 b5 14. a3 a5 15. Nd5 b4 16. axb4 axb4 17. g5 e6 18. f6 exd5 19. fxg7 Kxg7 20. c3 bxc3 21. bxc3 Ne6 22. exd5 Nxg5 23. Bf4 Ne5 24. Qg3 h6 25. h4 Nh7 26. d4 cxd4 27. cxd4 Nc4 28. Rac1 Rc8 29. Rxc4 Rxc4 30. Bxd6 Re8 31. Be5+ Kg8 32. d6 Qd7 33. Bd5 Rcc8 34. Rxf7 Qxf7 35. Qxg6+ 1-0

[Event "Titled Tuesday intern op 15th Aug Late"]
[Site "Chess.com INT"]
[Date "2023.08.15"]
[Round "1"]
[White "Styazhkina, Anna"]
[Black "Kravtsiv, Martyn"]
[Result "0-1"]
[WhiteElo "2194"]
[BlackElo "2598"]
[PlyCount "104"]
[EventDate "2023.08.15"]
[EventType "swiss (blitz)"]
[EventRounds "11"]
[EventCountry "USA"]
[SourceTitle "EXT 2024"]
[Source "ChessBase"]
[SourceDate "2023.10.10"]
[SourceVersion "1"]
[SourceVersionDate "2023.10.10"]
[SourceQuality "1"]

1. e4 e5 2. Nc3 Nf6 3. f4 d5 4. fxe5 Nxe4 5. Qf3 f5 6. exf6 Nxf6 7. d4 Nc6 8. Bg5 Qe7+ 9. Qe3 Qxe3+ 10. Bxe3 Bf5 11. 0-0-0 Ng4 12. Re1 0-0-0 13. Nf3 Nxe3 14. Rxe3 g6 15. Bb5 Bh6 16. Nd1 Nb4 17. Ba4 b5 18. Bb3 a5 19. a3 a4 20. axb4 axb3 21. cxb3 Rhe8 22. Kd2 Be4 23. Ne5 Bxg2 24. Rg1 Be4 25. Ke2 Bxe3 26. Nxe3 Rf8 27. Rc1 Rf6 28. Rc5 Rdf8 29. N3g4 Bf3+ 30. Nxf3 Rxf3 31. Rxd5 Rxb3 32. Rxb5 Rxb2+ 33. Kd3 Rf4 34. Ne5 Rxh2 35. Rc5 Rhh4 36. Nc6 Rf3+ 37. Kc4 Rf1 38. Kb5 Rh5 39. d5 Rd1 40. Ne7+ Kd7 41. Ng8 Rf5 42. Kc4 Rc1+ 43. Kd4 Rd1+ 44. Kc4 h5 45. Nh6 Rf4+ 46. Kb5 Rfd4 47. Ng8 Rxd5 48. Nf6+ Ke6 49. Nxd5 Rxd5 50. Rxd5 Kxd5 51. Ka6 c6 52. Kb6 h4 0-1

[Event "Titled Tuesday intern op 15th Aug Early"]
[Site "Chess.com INT"]
[Date "2023.08.15"]
[Round "7"]
[White "Styazhkina, Anna"]
[Black "Shuvalova, Polina"]
[Result "0-1"]
[WhiteElo "2194"]
[BlackElo "2496"]
[PlyCount "74"]
[EventDate "2023.08.15"]
[EventType "swiss (blitz)"]
[EventRounds "11"]
[EventCountry "USA"]
[SourceTitle "EXT 2024"]
[Source "ChessBase"]
[SourceDate "2023.10.10"]
[SourceVersion "1"]
[SourceVersionDate "2023.10.10"]
[SourceQuality "1"]

1. e4 c6 2. d4 d5 3. f3 g6 4. Nc3 Bg7 5. Be3 Qb6 6. Qd2 Qxb2 7. Rb1 Qa3 8. exd5 Nf6 9. dxc6 Nxc6 10. d5 Nb4 11. Bb5+ Bd7 12. Bxd7+ Nxd7 13. Rb3 Qa5 14. a3 Na6 15. Bd4 Bxd4 16. Qxd4 0-0 17. Nge2 Nac5 18. Rb5 Qxa3 19. 0-0 a6 20. Rbb1 Qa5 21. Kh1 Rac8 22. Ng3 Rfd8 23. Nce4 Qc7 24. Rbe1 Nxe4 25. Rxe4 Nf6 26. Re5 Qc4 27. Qxc4 Rxc4 28. Rxe7 b5 29. Ra7 Nxd5 30. Rxa6 Ne3 31. Rg1 Rxc2 32. Rb6 Rb2 33. Ne4 b4 34. h4 Rc8 35. h5 Kg7 36. hxg6 hxg6 37. Rb7 Rh8# 0-1

[Event "Titled Tuesday intern op 08th Aug Early"]
[Site "Chess.com INT"]
[Date "2023.08.08"]
[Round "10"]
[White "Hirneise, Jens"]
[Black "Styazhkina, Anna"]
[Result "0-1"]
[WhiteElo "2277"]
[BlackElo "2194"]
[PlyCount "170"]
[EventDate "2023.08.08"]
[EventType "swiss (blitz)"]
[EventRounds "11"]
[EventCountry "USA"]
[SourceTitle "EXT 2024"]
[Source "ChessBase"]
[SourceDate "2023.10.10"]
[SourceVersion "1"]
[SourceVersionDate "2023.10.10"]
[SourceQuality "1"]

1. Nf3 d5 2. g3 c6 3. Bg2 Bg4 4. c4 Nd7 5. cxd5 cxd5 6. Qa4 Bf5 7. Nd4 Bxb1 8. Rxb1 e6 9. e4 dxe4 10. Bxe4 Qb6 11. 0-0 Ngf6 12. Bg2 Bc5 13. Nb3 0-0 14. Nxc5 Nxc5 15. Qc2 Rfd8 16. d4 Na6 17. Be3 Nb4 18. Qb3 Nbd5 19. Qxb6 axb6 20. a3 b5 21. Rfc1 b4 22. axb4 h6 23. b5 Ra5 24. Bf1 Rda8 25. Bd2 Ra4 26. Bc4 Nb6 27. b3 Ra2 28. Be1 Nbd5 29. b4 R2a4 30. Bb3 Ra3 31. b6 Nxb6 32. b5 Nbd5 33. Kf1 b6 34. h3 Rd8 35. Kg2 Ne4 36. Rc6 Nef6 37. Bd2 Ne4 38. Bc1 Nec3 39. Bxa3 Nxb1 40. Bb2 Nd2 41. Bxd5 exd5 42. Rxb6 Nc4 43. Rc6 Nxb2 44. b6 Rb8 45. Rd6 Nc4 46. Rxd5 Rxb6 47. Rd8+ Kh7 48. Rc8 Nd6 49. Rc2 Kg6 50. h4 Kf6 51. Re2 Rb4 52. d5 Rd4 53. Ra2 Rxd5 54. Ra6 g6 55. Rb6 Kg7 56. Rb2 h5 57. Ra2 Ne4 58. Re2 Nf6 59. Rc2 Ng4 60. Rb2 Rd3 61. Ra2 Kh6 62. Rb2 f6 63. Ra2 g5 64. hxg5+ fxg5 65. Ra6+ Kg7 66. Ra7+ Kg6 67. Ra6+ Nf6 68. Ra2 Ne4 69. Ra6+ Kf5 70. Ra5+ Ke6 71. Kf1 Rd5 72. Ra6+ Kf5 73. Rh6 Kg4 74. Ke2 Rd2+ 75. Ke3 Rxf2 76. Kxe4 Re2+ 77. Kd3 Rg2 78. Ke3 Rxg3+ 79. Kf2 Rf3+ 80. Kg2 Ra3 81. Rh8 Ra2+ 82. Kg1 Kg3 83. Kf1 h4 84. Rb8 Ra3 85. Rb2 g4 0-1

[Event "RUS-chT (Women)"]
[Site "Sochi"]
[Date "2022.05.02"]
[Round "2.1"]
[White "Styazhkina, Anna"]
[Black "Voit, Daria"]
[Result "0-1"]
[WhiteElo "2179"]
[BlackElo "2350"]
[PlyCount "74"]
[EventDate "2022.05.01"]
[EventType "team-tourn"]
[EventRounds "9"]
[EventCountry "RUS"]
[SourceTitle "CBM 208 Extra"]
[Source "ChessBase"]
[SourceDate "2022.07.31"]
[SourceVersion "1"]
[SourceVersionDate "2022.07.31"]
[SourceQuality "1"]
[WhiteTeam "St Petersburg SSHOR (W)"]
[BlackTeam "Moscow Sbornaya (W)"]
[WhiteTeamCountry "RUS"]
[BlackTeamCountry "RUS"]

1. e4 e5 2. Nf3 Nc6 3. Bc4 Bc5 4. c3 Nf6 5. d3 0-0 6. 0-0 d5 7. exd5 Nxd5 8. Nbd2 Nb6 9. Ne4 Nxc4 10. Nxc5 Nd6 11. Re1 Bg4 12. h3 Bh5 13. Ne4 Nxe4 14. dxe4 Qxd1 15. Rxd1 Bxf3 16. gxf3 Rfd8 17. Be3 f6 18. Rd5 Ne7 19. Rb5 b6 20. a4 g5 21. a5 Nc6 22. axb6 axb6 23. Rxa8 Rxa8 24. Rd5 Rd8 25. b4 Kf7 26. Kf1 Rxd5 27. exd5 Ne7 28. c4 b5 29. cxb5 Nxd5 30. Bd2 Ke6 31. Ke2 Nf4+ 32. Bxf4 exf4 33. Kd3 Kd5 34. Kc3 f5 35. Kd3 h6 36. Kc3 h5 37. Kd3 h4 0-1

[Event "Chigorin Memorial 28th"]
[Site "St Petersburg"]
[Date "2021.10.30"]
[Round "8"]
[White "Mochalin, Faddey"]
[Black "Styazhkina, Anna"]
[Result "1-0"]
[WhiteElo "2076"]
[BlackElo "2228"]
[PlyCount "73"]
[EventDate "2021.10.23"]
[EventType "swiss"]
[EventRounds "9"]
[EventCountry "RUS"]
[SourceTitle "EXT 2023"]
[Source "ChessBase"]
[SourceDate "2022.10.05"]
[SourceVersion "1"]
[SourceVersionDate "2022.10.05"]
[SourceQuality "1"]

1. d4 d5 2. c4 c6 3. Nf3 Nf6 4. e3 Bf5 5. Nc3 e6 6. Nh4 Bg6 7. Nxg6 hxg6 8. Qb3 Qb6 9. g3 Nbd7 10. Bg2 Be7 11. Bd2 g5 12. h3 Rb8 13. 0-0-0 Qxb3 14. axb3 b5 15. c5 b4 16. Ne2 Ne4 17. Be1 f5 18. Kc2 a5 19. f3 Nef6 20. g4 g6 21. Ra1 Bd8 22. Bg3 Rb5 23. Nc1 fxg4 24. hxg4 Rxh1 25. Bxh1 e5 26. dxe5 Ng8 27. Nd3 Nxc5 28. Nxc5 Rxc5+ 29. Kd3 Bc7 30. f4 Ke7 31. Bf3 Ke6 32. Rh1 Ne7 33. Rh6 Kf7 34. f5 gxf5 35. gxf5 Bb6 36. e6+ Kg7 37. f6+ 1-0

[Event "Chigorin Memorial 28th"]
[Site "St Petersburg"]
[Date "2021.10.28"]
[Round "6"]
[White "Styazhkina, Anna"]
[Black "Mikheeva, Galina"]
[Result "1-0"]
[WhiteElo "2228"]
[BlackElo "2034"]
[PlyCount "65"]
[EventDate "2021.10.23"]
[EventType "swiss"]
[EventRounds "9"]
[EventCountry "RUS"]
[SourceTitle "EXT 2023"]
[Source "ChessBase"]
[SourceDate "2022.10.05"]
[SourceVersion "1"]
[SourceVersionDate "2022.10.05"]
[SourceQuality "1"]

1. e4 e5 2. Nf3 Nc6 3. Bc4 Bc5 4. c3 Nf6 5. d3 0-0 6. 0-0 d5 7. exd5 Nxd5 8. a4 a5 9. Re1 Bg4 10. Nbd2 Bb6 11. h3 Bh5 12. Ne4 h6 13. Bxh6 Nxc3 14. bxc3 gxh6 15. Ng3 Bg6 16. Qd2 Kh7 17. Nxe5 Nxe5 18. Rxe5 Qf6 19. Rae1 Rad8 20. d4 c5 21. d5 Bc7 22. Re7 Bf4 23. Qb2 Qh4 24. Qb5 Bxg3 25. fxg3 Qxg3 26. R1e3 Qf4 27. Rf3 Qh4 28. Re5 b6 29. Bd3 Rd6 30. Bxg6+ Rxg6 31. Qd7 Kg8 32. Re8 f6 33. Rfe3 1-0

[Event "Chigorin Memorial 28th"]
[Site "St Petersburg"]
[Date "2021.10.26"]
[Round "4"]
[White "Styazhkina, Anna"]
[Black "Gavrilov, Maxim"]
[Result "0-1"]
[WhiteElo "2228"]
[BlackElo "2070"]
[PlyCount "76"]
[EventDate "2021.10.23"]
[EventType "swiss"]
[EventRounds "9"]
[EventCountry "RUS"]
[SourceTitle "EXT 2023"]
[Source "ChessBase"]
[SourceDate "2022.10.05"]
[SourceVersion "1"]
[SourceVersionDate "2022.10.05"]
[SourceQuality "1"]

1. e4 c5 2. Nf3 d6 3. d4 cxd4 4. Qxd4 Nc6 5. Bb5 Bd7 6. Qd3 g6 7. c4 Bg7 8. Nc3 Nf6 9. 0-0 0-0 10. h3 a6 11. Bxc6 Bxc6 12. Nd4 Rc8 13. Be3 Nd7 14. Rac1 Nc5 15. Qb1 Bd7 16. Rfd1 f5 17. exf5 gxf5 18. f4 e5 19. Nde2 e4 20. Bxc5 dxc5 21. Nd5 Be8 22. b4 Bh5 23. Rd2 b5 24. bxc5 Bxe2 25. Rxe2 bxc4 26. Rd2 e3 27. Rdd1 e2 28. Rd2 Re8 29. Kf2 Re4 30. Qb6 Qh4+ 31. g3 Qxh3 32. Nf6+ Bxf6 33. Qxf6 Qh2+ 34. Kf3 Qh5+ 35. Kf2 Rce8 36. Rd7 e1Q+ 37. Rxe1 Re2+ 38. Rxe2 Rxe2+ 0-1

[Event "Chigorin Memorial 28th"]
[Site "St Petersburg"]
[Date "2021.10.25"]
[Round "3"]
[White "Valiyev, Shahin"]
[Black "Styazhkina, Anna"]
[Result "0-1"]
[WhiteElo "1944"]
[BlackElo "2228"]
[PlyCount "96"]
[EventDate "2021.10.23"]
[EventType "swiss"]
[EventRounds "9"]
[EventCountry "RUS"]
[SourceTitle "EXT 2023"]
[Source "ChessBase"]
[SourceDate "2022.10.05"]
[SourceVersion "1"]
[SourceVersionDate "2022.10.05"]
[SourceQuality "1"]

1. e4 e5 2. Nf3 Nc6 3. Bb5 Nge7 4. c3 g6 5. 0-0 Bg7 6. d4 exd4 7. cxd4 a6 8. Ba4 0-0 9. d5 Na5 10. Nc3 b5 11. Bb3 d6 12. Be3 Bg4 13. h3 Bxf3 14. Qxf3 Nxb3 15. axb3 f5 16. Rac1 f4 17. Bd2 g5 18. e5 dxe5 19. Rcd1 Nf5 20. Ne2 Qe7 21. Qe4 Nd6 22. Qc2 Qf7 23. Bb4 h5 24. f3 Rfd8 25. Bxd6 Rxd6 26. Nc3 Rad8 27. Ne4 Rg6 28. Nf2 Rh6 29. Rd2 Bf8 30. Rfd1 Bb4 31. Re2 Re8 32. Qc1 Ba5 33. Kf1 Bb6 34. Ne4 Rg6 35. d6 g4 36. dxc7 Bxc7 37. Rc2 Bb8 38. hxg4 hxg4 39. fxg4 Qh7 40. Rc8 Qh1+ 41. Kf2 Qh4+ 42. Kf1 Rge6 43. Ke2 Qxg4+ 44. Kd3 Kg7 45. Rxb8 Rxb8 46. Qc7+ Kg6 47. Kc2 Qe2+ 48. Nd2 Rbb6 0-1